| 000 | 01397nam a2200361Ia 4500 | ||
|---|---|---|---|
| 001 | ebr10381029 | ||
| 003 | CaPaEBR | ||
| 006 | m u | ||
| 007 | cr cn||||||||| | ||
| 008 | 090129s2009 njua sb 001 0 eng d | ||
| 010 | _z 2009004158 | ||
| 020 | _z9780470478264 | ||
| 040 |
_aCaPaEBR _cCaPaEBR |
||
| 035 | _a(OCoLC)663962888 | ||
| 050 | 1 | 4 |
_aTK5105.8885.A26 _bE96 2009eb |
| 082 | 0 | 4 |
_a006.7/882 _222 |
| 100 | 1 | _aEvjen, Bill. | |
| 245 | 1 | 0 |
_aProfessional ASP.NET 3.5 SP1 edition _h[electronic resource] : _bin C and VB / _cBill Evjen, Scott Hanselman, Devin Rader. |
| 260 |
_aHoboken, NJ : _bJohn Wiley & Sons, _c2009. |
||
| 300 |
_alx, 1792 p. : _bill. |
||
| 500 | _a"Wrox programmer to programmer." | ||
| 504 | _aIncludes bibliographical references (p. [1717]-1718) and index. | ||
| 533 |
_aElectronic reproduction. _bPalo Alto, Calif. : _cebrary, _d2010. _nAvailable via World Wide Web. _nAccess may be limited to ebrary affiliated libraries. |
||
| 630 | 0 | 0 | _aActive server pages. |
| 630 | 0 | 0 | _aMicrosoft Visual BASIC. |
| 650 | 0 | _aMicrosoft .NET. | |
| 650 | 0 | _aC (Computer program language) | |
| 655 | 7 |
_aElectronic books. _2local |
|
| 700 | 1 | _aHanselman, Scott. | |
| 700 | 1 |
_aRader, Devin, _d1976- |
|
| 710 | 2 | _aebrary, Inc. | |
| 856 | 4 | 0 |
_uhttp://site.ebrary.com/lib/rucke/Doc?id=10381029 _zAn electronic book accessible through the World Wide Web; click to view |
| 999 |
_c102334 _d102334 |
||